header

Flex 3 with Java (Record no. 146667)

MARC details
000 -LEADER
fixed length control field 01402nam a2200337Ia 4500
082 04 - DEWEY DECIMAL CLASSIFICATION NUMBER
Classification number 006.6/76
100 1# - MAIN ENTRY--AUTHOR NAME
Personal name Kore, Satish.
245 10 - TITLE STATEMENT
Title Flex 3 with Java
260 ## - PUBLICATION, DISTRIBUTION, ETC. (IMPRINT)
Place of publication Birmingham, U.K. :
Name of publisher Packt Publishing Ltd.,
Year of publication 2009.
300 ## - PHYSICAL DESCRIPTION
Number of Pages v, 287 p. :
Other physical details ill.
650 #0 - SUBJECT ADDED ENTRY--TOPICAL TERM
Topical Term ActionScript (Computer program language)
Topical Term Internet programming.
Topical Term Java (Computer program language)
Topical Term Web sites
856 40 - ELECTRONIC LOCATION AND ACCESS
Uniform Resource Identifier http://site.ebrary.com/lib/rucke/Doc?id=10433559

No items available.

© 2026 Rongo University
Contact us: librarian | system librarian | Rongo university